| 000 | 00940nac a22002771i 4500 | ||
|---|---|---|---|
| 003 | EG-ScBUE | ||
| 005 | 20230528100305.0 | ||
| 008 | 230528t2006 vraae f b 000 0 eng d | ||
| 020 | _a1864701552 : | ||
| 020 | _a9781864701555 : | ||
| 040 |
_aEG-ScBUE _beng _erda _cEG-ScBUE _dEG-ScBUE |
||
| 082 | 0 | 4 |
_a720.92 _bSTU _222 |
| 245 | 0 | 0 | _aStudio Downie Architects. |
| 264 | 1 |
_aMulgrave, Vic. : _bImages Publishing Group, _c[2006] |
|
| 264 | 4 | _cc2006 | |
| 300 |
_a124 pages : _billustrations (some color), plans (some color); _c27 cm |
||
| 336 |
_2rdacontent _atext _btxt |
||
| 337 |
_2rdamedia _aunmediated _bn |
||
| 338 |
_2rdacarrier _avolume _bnc |
||
| 504 | _aIncludes bibliographical references. | ||
| 650 | 7 |
_aArchitecture, Modern _y21st century. _2BUEsh |
|
| 650 | 7 |
_aArchitecture, Modern _y20th century. _2BUEsh |
|
| 650 | 7 |
_aArchitectural firms _zGreat Britain _xHistory. _2BUEsh |
|
| 655 | _vReading book | ||
| 942 |
_cBB _k720.92 STU _2ddc |
||
| 999 |
_c8934 _d8934 |
||